| 000 | 00416nam a2200157 i 4500 | ||
|---|---|---|---|
| 001 | 114611 | ||
| 003 | ES-MaACL | ||
| 005 | 20230906190212.0 | ||
| 007 | t| | ||
| 008 | 070314s1919 fr ||||1| fre d | ||
| 100 | 1 |
_aRaynal _cCommandant. _995640 |
|
| 245 | 1 | 0 |
_aJournal du Commandant Raynal _b: le Fort de Vaux. |
| 260 |
_aParis : _bA. Michel, _c1919. |
||
| 300 |
_a247 p. ; _c18 cm. |
||
| 852 |
_aES-MaACL _jF-2880 |
||
| 999 |
_c114611 _d114611 |
||